000 00677nam a2200289Ia 4500
005 20260324123651.0
008 008 260324s9999 xx 000 0 eng d
020 _a9780203834107
037 _aEBOOK
040 _aCRL
040 _beng
040 _cCRL
041 _2eng
041 _aeng
084 _qCRL
100 _aJames B. Worthen; R. Reed Hunt
_91171186
245 0 _aMnemonology
245 0 _bMnemonics for the 21st Century
260 _bTaylor and Francis
260 _c2011
365 _a
365 _b230
856 _uhttp://www.taylorfrancis.com/books/9780203834107
942 _cEBOOK
999 _c1764909
_d1764909